| 000 | 00933nam a22002897a 4500 | ||
|---|---|---|---|
| 001 | BR8805738 | ||
| 003 | BR-BrBNA | ||
| 005 | 20230928093028.0 | ||
| 007 | ta | ||
| 008 | 230509b bl.||||| |||| 00| 0 por d | ||
| 040 |
_aBR-BrBNA _bpor _cBiblioteca Nacional de Agricultura |
||
| 041 | _a(Por) | ||
| 072 |
_aA50 _b/G514 |
||
| 090 | _ A50 BR8805738 | ||
| 110 | 1 |
_aEmpresa de Pesquisa Agropecuaria do Estado de Mato Grosso, Cuiaba (Brasil) _94114 |
|
| 245 | 1 | _aDiagnostico e prioridades de pesquisa para a agropecuaria do estado de Mato Grosso | |
| 246 | 1 | _a[Diagnosis and research priorities for the agriculture in the state of Mato Grosso] | |
| 260 | 3 |
_aCuiaba, MT (Brasil): _c1987. |
|
| 300 | _a147 p. | ||
| 500 | _a30 tables; Bibliography p. 135-147 (144 ref.) | ||
| 650 | _aAGRICULTURA | ||
| 650 | _aPECUARIA | ||
| 650 | _aPESQUISA | ||
| 650 | _aMATO GROSSO | ||
| 909 |
_a202309 _bLucia _c55 _dLucia Elande |
||
| 942 | _cBK | ||
| 999 |
_c42593 _d42593 |
||